Essentials of software engineering / (Record no. 599998)
[ view plain ]
| 000 -LEADER | |
|---|---|
| fixed length control field | 00280nam a2200109Ia 4500 |
| 008 - FIXED-LENGTH DATA ELEMENTS--GENERAL INFORMATION | |
| fixed length control field | 230907s9999||||xx |||||||||||||| ||und|| |
| 082 ## - DEWEY DECIMAL CLASSIFICATION NUMBER | |
| Classification number | 5.1 |
| Author Mark | TSU |
| 100 ## - MAIN ENTRY--PERSONAL NAME | |
| Personal name | Tsui, Frank F., |
| 9 (RLIN) | 94517 |
| 245 #0 - TITLE STATEMENT | |
| Title | Essentials of software engineering / |
| 300 ## - PHYSICAL DESCRIPTION | |
| Extent | xvii, 333 pages ; |
| 942 ## - ADDED ENTRY ELEMENTS (KOHA) | |
| Koha item type | Book |
| Withdrawn status | Lost status | Damaged status | Not for loan | Permanent Location | Current Location | Date acquired | Total Checkouts | Full call number | Barcode | Date last seen | Price effective from | Koha item type |
|---|---|---|---|---|---|---|---|---|---|---|---|---|
| US-Pakistan Center for Advanced Studies in Energy (USPCAS-E) | US-Pakistan Center for Advanced Studies in Energy (USPCAS-E) | 09/24/2019 | 005.1 TSU | CAS-E0004097 | 09/12/2023 | 09/12/2023 | Book |
